000 01137cam a2200277 a 4500
999 _c129889
_d129889
001 12994138
003 ARRUPE
005 20190924113520.0
008 021106s2002 sa ab 000 0 eng
010 _a 2002443964
020 _a0620291028
040 _aDLC
_cDLC
_dDLC
042 _apcc
043 _afs-----
050 0 0 _aDT1182
_b.S676 2002
082 0 0 _a303.4968
_222
245 0 0 _aSouthern Africa 2020 :
_bfive scenarios /
_cdeveloped by the Institue for Global Dialogue and the Friedrich Ebert Stiftung.
260 _aBraamfontein, Johannesburg, South Africa :
_bInstitute for Global Dialogue ;
_aDunkeld West, Johannesburg, South Africa :
_bFriedrich Ebert Stiftung,
_c2002.
300 _a143 p. :
_bill., map ;
_c24 cm.
651 0 _aAfrica, Southern
_xPolitics and government
_y1994-
_xForecasting
_948265
710 2 _aInstitute for Global Dialogue.
_948266
710 2 _aFriedrich-Ebert-Stiftung.
_948267
906 _a7
_bcbc
_corignew
_d3
_encip
_f20
_gy-gencatlg
942 _2lcc
_cMONOGRAPH